000 01176nam a2200241Ia 4500
999 _c52656
_d52656
001 19680
003 GE_BSU
005 20200324150959.0
008 181216s1981||||ge |||||||||||||| ||geo||
040 _cGE_BSU
041 _ageo
080 _a811.353.1'373 ქ-27
245 _aქართული სიტყვის კულტურის საკითხები წ. 4 :
_b[სტატიების კრებული] /
_cსარედ. კოლ. : ი. გიგინეიშვილი (რედ.), ლ. ლეჟავა (მდ.), ქ. ლომთათიძე და სხვ.
264 _aთბილისი :
_bმეცნიერება,
_c1981.
300 _a294 გვ. ;
_c22 სმ.
541 _h8ლ.
653 _aქართული ენა
653 _aქართული სიტყვის კულტურა
700 _aგიგინეიშვილი ი.
_eრედაქტორი
_95514
710 _aსაქ. სსრ მეცნ. აკადემია
_97780
710 _a ენათმეცნიერების ინსტიტუტი
_97781
942 _cBK
_2udc